La rivoluzione sessuale /

Kaydedildi:
Detaylı Bibliyografya
Yazar: Reich, Wilhelm (Yazar)
Diğer Yazarlar: Di Giuro, Vittorio
Materyal Türü: Kitap
Dil:İtalyanca
Baskı/Yayın Bilgisi: Milano : Feltrinelli, 1971
Edisyon:7. ed. riveduta e corretta
Seri Bilgileri:Universale economica ; 440
Konular:
Etiketler: Etiketle
Etiket eklenmemiş, İlk siz ekleyin!

MARC

LEADER 00000nam a22000007i 4500
001 IT\ICCU\TO0\0493528
003 ItRI
005 20260115232359.0
008 961119s1971 it |||||| ||||| |||||c
040 |b ita  |c importazione bologna sebina 
041 7 |a ita  |2 ISO-639-2 
100 1 |a Reich, Wilhelm  |0 IT\ICCU\CFIV\020162  |4 aut 
240 1 4 |a Die Sexualität im Kulturkampf. -  |3 IT\ICCU\CFI\0241483  |9 Reich, Wilhelm 
245 1 3 |a La rivoluzione sessuale /  |c di Wilhelm Reich. 
250 |a 7. ed. riveduta e corretta 
260 |a Milano :  |b Feltrinelli,  |c 1971 
300 |a 215 p. ;  |c 18 cm 
500 |a Traduzione dall'inglese di Vittorio di Giuro. 
650 7 |a Sesso e società 
700 1 |a Di Giuro, Vittorio  |0 IT\ICCU\RAVV\032565 
790 1 |a Parell, Ernst  |3 IT\ICCU\IEIV\111568  |z Reich, Wilhelm 
790 1 |a Reich, Wilhelm,  |d  (1897-1957)  |3 IT\ICCU\MILV\357971  |z Reich, Wilhelm 
830 0 |a Universale economica ;  |v 440  |0 IT\ICCU\CFI\0001103 
942 |2 ddc  |c BK  |n 0 
952 |0 0  |1 0  |4 0  |6 DOC_301_410000000000000_REI  |7 0  |9 25123  |a BO  |b BO  |d 2026-01-15  |i 797  |l 0  |o DOC 301.41 REI  |p BO797  |r 2026-01-15 23:23:59  |w 2026-01-15  |x [Sebina 7] [1 v.]  |y BK  |z 1 v. 
999 |c 21347  |d 21347